Linebacker prospects of the 2025 NFL Draft - Statistics

General Stats
  • This quiz has been taken 16 times
    8 since last reset
  • The average score is 9 of 23
Answer Stats
Position College Name % Correct
LB UCLA Carson Schwesinger
80%
LB Alabama Jihaad Campbell
80%
LB Clemson Barrett Carter
60%
LB Notre Dame Jack Kiser
60%
LB Kentucky Jamon Dumas-Johnson
60%
LB Oregon Jeffrey Bassa
60%
LB Memphis Chandler Martin
40%
LB Ole Miss Chris Paul Jr.
40%
LB Minnesota Cody Lindenberg
40%
LB Ohio St. Cody Simon
40%
LB Oklahoma Danny Stutsman
40%
LB South Carolina Demetrius Knight Jr.
40%
LB Oklahoma St. Nick Martin
40%
LB Buffalo Shaun Dolac
40%
LB Florida Shemar James
40%
LB Georgia Small Mondon Jr.
40%
LB Auburn Eugene Asante
20%
LB Iowa Jay Higgins
20%
LB Syracuse Justin Barron
20%
LB UCLA Kain Medrano
20%
LB Utah Karene Reid
20%
LB Penn St. Kobe King
20%
LB Maryland Ruben Hyppolite II.
20%
No matching quizzes found
Score Distribution
Percent of People with Each Score
Percentile by Number Answered
Your Score History
You have not taken this quiz since the last reset